000 00612nam a2200205Ia 4500
003 GCL
008 140319s9999 xx 000 0 eng d
040 _aGCL /
_cGCL
082 0 4 _aCC
_b916.202
_bK S
100 1 _aKAMIL, JILL
245 1 0 _aSAKKARA AND MEMPHUS: A GUIDE TO THE NECROPOLIS AND THE ANCIENT CAPITAL /
_cKAMIL, JILL
260 _a[S.N] :
_bLONGMAN ،
_c1978
300 _a192 P
650 0 4 _aHISTORY
650 0 4 _aMEMPHIS (EGYPT)
650 0 4 _aSAQQARAH - ANTIQUITIES-GUIDEBOOK
650 0 4 _aMEMPHIS ( ANCIENT CITY ) GUIDEBOOK
650 0 4 _aEGYPT - ANTIQUITIES - GUIDE BOOKS
942 _2ddc
_cBK
999 _c16289
_d16289